Guía práctica del español correcto

Uloženo v:
Podrobná bibliografie
Hlavní autor: Paredes García, Florentino (autor)
Médium: Kniha
Jazyk:španělština
Vydáno: Madrid Espasa Calpe 2009
Edice:Guías Prácticas del Instituto Cervantes
Témata:
Tagy: Přidat tag
Žádné tagy, Buďte první, kdo vytvoří štítek k tomuto záznamu!

MARC

LEADER 00000nam a2200000 a 4500
001 UCG4451
003 CL-VaPUC
008 101104e20090000SP |||||||||||||||||spa|d
020 |a 9788467029277 
082 0 4 |a 465  |b PAR  |2 21 
100 |a Paredes García, Florentino  |e autor  |9 553736 
245 1 0 |a Guía práctica del español correcto 
300 |a 214 p 
942 |c BK 
945 |d 20101104 00:00:00  |a mfarfan 
260 |a Madrid  |b Espasa Calpe  |c 2009 
650 0 |a Español  |9 255372 
650 0 |a Morfología  |9 334440 
650 0 |a Ortografía  |9 309144 
650 0 |a Semántica  |9 265318 
583 |a last modification  |c 20101104 00:00:00  |k Rodrigo Vera 
490 0 |a Guías Prácticas del Instituto Cervantes 
999 |c 343157  |d 343155 
952 |0 0  |1 0  |4 0  |6 465_000000000000000_PAR_2009  |7 0  |8 A  |9 440213  |a FDOPOS  |b FDOPOS  |d 2019-11-22  |i 4730429  |o 465 PAR 2009  |p 4730429  |r 2025-01-22  |w 2019-11-22  |y BK  |k DLA